000 00720nkm a2200253 a 4500
999 _c1996
_d1996
007 kn boi
008 190719s1970||||xxk||||g|||||f || n|eng|d
020 _a9780707741864
_c£ 16.00
040 _aKO
041 0 _aeng
044 _axxk
082 0 4 _a523.8
_bUn314
_223
110 _aGreat Britain.
_bHydrographic Office
245 0 _aStar Finder and Identifier /
_cUnited Kingdom Hydrographic Office
260 _aTaunton  :
_bAdmiralty publications,
_c1970
300 _a1 chart ;
_c29 x 29 cm.
490 0 _aNP ;
_v323
650 _aAstronomy
_xCharts, diagrams, etc.
650 _aNautical astronomy
_xCharts, diagrams, etc.
904 _aRUDRA_R
905 _aR_RANJAN
942 _2ddc
_cCH